| 000 | 00560nam a2200169 i 4500 | ||
|---|---|---|---|
| 001 | 25303 | ||
| 003 | ES-MaACL | ||
| 005 | 20230906153231.0 | ||
| 007 | t| | ||
| 008 | 021223s1954 sp ||||1| spa d | ||
| 100 | 0 |
_aAranda Muñoz, Eusebio. _922289 |
|
| 245 | 1 | 0 |
_aSelgas y su obra / _cEusebio Aranda Muñoz. |
| 260 |
_aMurcia : _bUniversidad de Murcia, Cátedra Saavedra Fajardo, _c1954 ( _fNogués) |
||
| 300 |
_a357 p., 5 lám. ; _c25 cm. |
||
| 600 | 1 | 4 |
_aSelgas y Carrasco, José- _vCrítica e interpretación. _9132638 |
| 852 |
_aES-MaACL _jL-1446 _bR.102461 |
||
| 999 |
_c25303 _d25303 |
||